[Event "Master de Toussaint"]
[Site "Hyeres "]
[Date "2006.??.??"]
[Round "6"]
[White "Comte, Christophe"]
[Black "Papet, Bernard"]
[Result "1-0"]
[WhiteElo "2095"]
[BlackElo "1942"]
[PlyCount "91"]
[EventDate "2006.??.??"]
[EventType "tourn"]
[EventCountry "FRA"]

1. e4 c5 2. Nf3 Nc6 3. Bb5 g6 4. O-O Bg7 5. Re1 e5 6. Bxc6 dxc6 7. d3 h6 8.
Nbd2 Ne7 9. Nc4 Qc7 10. a4 a5 11. Be3 b6 12. Qd2 Be6 13. Qc3 Bxc4 14. Qxc4 O-O
15. c3 Rad8 16. Rad1 Rd7 17. Rd2 Rfd8 18. Red1 Nc8 19. Ne1 Kh7 20. Qb3 g5 21.
Nc2 Nd6 22. Na3 f5 23. f3 f4 24. Bf2 Ne8 25. Nc4 Rb8 26. Qc2 b5 27. Na3 b4 28.
Nc4 Bf8 29. g4 fxg3 30. Bxg3 b3 31. Qc1 Bg7 32. Kg2 Rbd8 33. d4 cxd4 34. cxd4
h5 35. Bxe5 Bxe5 36. dxe5 Ng7 37. Rxd7 Rxd7 38. Rxd7 Qxd7 39. Qd2 Qe6 40. Qd4
g4 41. f4 Qe7 42. f5 Qh4 43. Qe3 Qe7 44. f6 Qb4 45. Qg5 Ne6 46. Qf5+ 1-0

[Event "Master de Toussaint"]
[Site "Hyeres "]
[Date "2006.??.??"]
[Round "6"]
[White "Mirabel, Marcel"]
[Black "Laruelle, Joel"]
[Result "0-1"]
[WhiteElo "2020"]
[BlackElo "2139"]
[PlyCount "56"]
[EventDate "2006.??.??"]
[EventType "tourn"]
[EventCountry "FRA"]

1. e4 c5 2. Nf3 e6 3. d4 cxd4 4. c3 dxc3 5. Nxc3 a6 6. Bc4 Nc6 7. a3 Nge7 8.
Bf4 Ng6 9. Bg3 Be7 10. Qe2 O-O 11. O-O b5 12. Ba2 Bb7 13. Rfd1 Rc8 14. e5 Na5
15. Ne4 Nc4 16. Bxc4 Rxc4 17. Nd6 Bxd6 18. Rxd6 Qc8 19. Rad1 Bd5 20. Nd4 Qb7
21. Nf5 exf5 22. R6xd5 f4 23. Rxd7 Qc8 24. e6 fxe6 25. Qxe6+ Kh8 26. Bh4 Nxh4
27. Qg4 Ng6 28. Qg5 Qxd7 0-1

[Event "Master de Toussaint"]
[Site "Hyeres "]
[Date "2006.??.??"]
[Round "6"]
[White "Pinchon, Henri"]
[Black "Laurent, Francois"]
[Result "1/2-1/2"]
[WhiteElo "1935"]
[BlackElo "2002"]
[PlyCount "71"]
[EventDate "2006.??.??"]
[EventType "tourn"]
[EventCountry "FRA"]

1. e4 c5 2. Nf3 Nc6 3. Nc3 g6 4. d4 cxd4 5. Nxd4 Bg7 6. Be3 Nf6 7. Be2 O-O 8.
O-O d5 9. exd5 Nxd5 10. Nxd5 Qxd5 11. Bf3 Qa5 12. Nxc6 bxc6 13. c3 Rb8 14. Qc1
Qc7 15. Rd1 Bf5 16. Bc5 Rfd8 17. Rxd8+ Rxd8 18. Qe3 Rd7 19. Rd1 Rxd1+ 20. Bxd1
Be6 21. Bb3 Qd7 22. h3 Bxb3 23. axb3 Bf6 24. b4 a6 25. Qe2 Qb7 26. Qd3 Qc8 27.
Be3 Kg7 28. b3 h5 29. Qc4 Qb7 30. Bd4 Qb5 31. Bxf6+ Kxf6 32. Qe4 Qd5 33. Qc2 e6
34. c4 Qd4 35. Qa2 h4 36. Qb1 1/2-1/2

[Event "Master de Toussaint"]
[Site "Hyeres "]
[Date "2006.??.??"]
[Round "6"]
[White "Schmitz, Andreas Arnold"]
[Black "Schmitz, Manuela"]
[Result "1/2-1/2"]
[WhiteElo "2128"]
[BlackElo "2064"]
[PlyCount "41"]
[EventDate "2006.??.??"]
[EventType "tourn"]
[EventCountry "FRA"]

1. d4 d5 2. Nf3 Nf6 3. Bf4 Bf5 4. e3 e6 5. Bd3 Bxd3 6. Qxd3 Bd6 7. Bxd6 Qxd6 8.
O-O O-O 9. Ne5 Ne4 10. Nd2 Nxd2 11. Qxd2 Nd7 12. Nxd7 Qxd7 13. Qb4 Qc6 14. Rfc1
Qb6 15. Qxb6 axb6 16. c4 c6 17. a3 Ra4 18. cxd5 exd5 19. Kf1 Re8 20. Rc3 h5 21.
g3 1/2-1/2

[Event "Master de Toussaint"]
[Site "Hyeres "]
[Date "2006.11.02"]
[Round "6"]
[White "Touvron, Fabrice"]
[Black "Robert, Bastien"]
[Result "0-1"]
[WhiteElo "1995"]
[BlackElo "1963"]
[PlyCount "128"]
[EventDate "2006.??.??"]
[EventType "tourn"]
[EventCountry "FRA"]

1. c4 Nf6 2. Nc3 g6 3. g3 Bg7 4. Bg2 e5 5. Nf3 d6 6. d3 O-O 7. O-O Nc6 8. Rb1
Rb8 9. b4 Ne7 10. a4 Bd7 11. b5 Qc8 12. Ba3 b6 13. Re1 Re8 14. Qb3 Bg4 15. Nd2
Bh3 16. Bh1 Qf5 17. Bf3 Bg4 18. e4 Qh5 19. Qd1 Bxf3 20. Qxf3 Qxf3 21. Nxf3 Nd7
22. Nd5 Nxd5 23. cxd5 Nc5 24. Bxc5 dxc5 25. Nd2 a6 26. Nc4 axb5 27. axb5 Ra8
28. Ra1 f6 29. Ra6 Rxa6 30. bxa6 Ra8 31. Ra1 Bf8 32. Kf1 Kf7 33. Ke2 Ke7 34. f4
Bg7 35. fxe5 fxe5 36. a7 Kd7 37. d6 Kc6 38. dxc7 Kxc7 39. Ra6 b5 40. Na5 Bf8
41. Rc6+ Kd7 42. Rf6 Be7 43. Rf7 Rxa7 44. Rxe7+ Kxe7 45. Nc6+ Kd6 46. Nxa7 b4
47. Nc8+ Kc6 48. Ne7+ Kb5 49. Nd5 Ka4 50. Kd2 Kb3 51. Kc1 c4 52. dxc4 Kxc4 53.
Kb2 Kd4 54. Nf6 h5 55. h3 Ke3 56. Kb3 Kf3 57. g4 h4 58. g5 Kg3 59. Ng4 Kf4 60.
Nf6 Kg3 61. Ng4 Kxh3 62. Nxe5 Kg3 63. Nxg6 h3 64. Nf4 h2 0-1

[Event "Master de Toussaint"]
[Site "Hyeres "]
[Date "2006.??.??"]
[Round "7"]
[White "Laruelle, Joel"]
[Black "Pinchon, Henri"]
[Result "1-0"]
[WhiteElo "2139"]
[BlackElo "1935"]
[PlyCount "65"]
[EventDate "2006.??.??"]
[EventType "tourn"]
[EventCountry "FRA"]

1. e4 c5 2. Nf3 e6 3. d4 cxd4 4. Nxd4 a6 5. Nc3 Qc7 6. Bd3 Nf6 7. Qe2 d6 8. Be3
Be7 9. g4 Nc6 10. Nxc6 Qxc6 11. O-O-O O-O 12. g5 Nd7 13. h4 Ne5 14. h5 b5 15.
Rdg1 b4 16. Nd1 Bb7 17. f3 Rac8 18. Nf2 Qa4 19. Kb1 Qc6 20. Ng4 Nxd3 21. Qxd3
Qc4 22. Qd2 a5 23. Nf6+ Kh8 24. Nd7 a4 25. Nxf8 Bxf8 26. Qd3 Qc6 27. g6 f6 28.
h6 gxh6 29. Bxh6 Bxh6 30. Rxh6 Rc7 31. gxh7 Rxh7 32. Rxh7+ Kxh7 33. f4 1-0

[Event "Master de Toussaint"]
[Site "Hyeres "]
[Date "2006.11.02"]
[Round "7"]
[White "Laurent, Francois"]
[Black "Touvron, Fabrice"]
[Result "0-1"]
[WhiteElo "2002"]
[BlackElo "1995"]
[PlyCount "84"]
[EventDate "2006.??.??"]
[EventType "tourn"]
[EventCountry "FRA"]

1. d4 Nf6 2. c4 c5 3. Nf3 cxd4 4. Nxd4 Nc6 5. Nc3 g6 6. e4 d6 7. f3 Bg7 8. Be3
O-O 9. Qd2 a6 10. Rc1 Ne5 11. Be2 Be6 12. Nd5 Bxd5 13. cxd5 Qd7 14. O-O Rac8
15. b3 Rxc1 16. Rxc1 Rc8 17. Rc3 Ne8 18. Qc1 Rxc3 19. Qxc3 Qc7 20. Qxc7 Nxc7
21. f4 Nd7 22. b4 f5 23. Ne6 Nxe6 24. dxe6 Nf8 25. exf5 gxf5 26. Bc4 Bc3 27.
Bd5 b5 28. Bb7 Bxb4 29. Bxa6 Nxe6 30. Bxb5 d5 31. Bd7 Kf7 32. Kf2 Kf6 33. Bxe6
Kxe6 34. Bd4 Kd6 35. Ke3 Kc6 36. Kd3 Kb5 37. Bb2 Bc5 38. Bd4 Bxd4 39. Kxd4 e6
40. g4 fxg4 41. f5 exf5 42. Kxd5 f4 0-1

[Event "Master de Toussaint"]
[Site "Hyeres "]
[Date "2006.??.??"]
[Round "7"]
[White "Papet, Bernard"]
[Black "Mirabel, Marcel"]
[Result "0-1"]
[WhiteElo "1942"]
[BlackElo "2020"]
[PlyCount "96"]
[EventDate "2006.??.??"]
[EventType "tourn"]
[EventCountry "FRA"]

1. Nc3 c5 2. Nf3 Nc6 3. d4 cxd4 4. Nxd4 g6 5. Bf4 d6 6. Ndb5 Nf6 7. e4 Bd7 8.
Nd5 Nxd5 9. exd5 Ne5 10. Bxe5 dxe5 11. d6 Qa5+ 12. b4 Qxb4+ 13. c3 Qe4+ 14. Qe2
Qxe2+ 15. Bxe2 Bxb5 16. Bxb5+ Kd8 17. dxe7+ Kxe7 18. O-O Bg7 19. Rfe1 Rac8 20.
Rac1 Rhd8 21. Ba4 Rd2 22. Bb3 b5 23. a4 Rb2 24. Bd1 b4 25. c4 f6 26. Be2 Bh6
27. Rb1 Rxb1 28. Rxb1 Bd2 29. Kf1 Bc3 30. f3 Rd8 31. Bd1 Rd2 32. Bb3 a5 33. Kg1
Bd4+ 34. Kh1 Kd6 35. h3 Bb6 36. Kh2 Kc5 37. Kg3 Kd4 38. Rc1 Bc5 39. h4 Rd3 40.
Bd1 b3 41. Rb1 Rxd1 42. Rxd1+ Kxc4 43. Re1 Bd4 44. f4 Kd3 45. fxe5 fxe5 46. Kg4
Kd2 47. Rh1 b2 48. g3 Kc2 0-1

[Event "Master de Toussaint"]
[Site "Hyeres "]
[Date "2006.??.??"]
[Round "7"]
[White "Robert, Bastien"]
[Black "Schmitz, Andreas Arnold"]
[Result "0-1"]
[WhiteElo "1963"]
[BlackElo "2126"]
[PlyCount "88"]
[EventDate "2006.??.??"]
[EventType "tourn"]
[EventCountry "FRA"]

1. d4 d5 2. c4 dxc4 3. Nf3 Nf6 4. e3 Bg4 5. Bxc4 e6 6. Nc3 a6 7. O-O c5 8. Be2
Nc6 9. Qb3 cxd4 10. exd4 Bd6 11. h3 Bh5 12. Bg5 O-O 13. Rfd1 Bg6 14. d5 Na5 15.
Qa4 b5 16. Qh4 e5 17. Bd3 h6 18. Bxf6 Qxf6 19. Qxf6 gxf6 20. Ne4 Bxe4 21. Bxe4
Rac8 22. Bf5 Rc4 23. Nd2 Rf4 24. Ne4 Nb7 25. g4 Kg7 26. Rac1 Rd8 27. Rc6 h5 28.
Rb6 hxg4 29. hxg4 Rxe4 30. Bxe4 Nc5 31. f3 Nxe4 32. Rxa6 Ng5 33. Kg2 e4 34.
fxe4 Nxe4 35. Kf3 Re8 36. b3 f5 37. gxf5 Re5 38. Rd4 Ng5+ 39. Kg4 Bc5 40. Rd3
f6 41. d6 Bf2 42. Kh5 Re4 43. Ra7+ Bxa7 44. d7 Bf2 0-1

[Event "Master de Toussaint"]
[Site "Hyeres "]
[Date "2006.??.??"]
[Round "7"]
[White "Schmitz, Manuela"]
[Black "Comte, Christophe"]
[Result "1/2-1/2"]
[WhiteElo "2064"]
[BlackElo "2095"]
[PlyCount "45"]
[EventDate "2006.??.??"]
[EventType "tourn"]
[EventCountry "FRA"]

1. d4 Nf6 2. c4 e6 3. Nf3 Bb4+ 4. Nbd2 O-O 5. e3 d6 6. Qc2 Qe7 7. a3 Bxd2+ 8.
Bxd2 e5 9. dxe5 dxe5 10. Bc3 Nbd7 11. Be2 e4 12. Nd2 b6 13. O-O Bb7 14. Rfd1
Ne5 15. Nf1 Qe6 16. Bxe5 Qxe5 17. c5 Bd5 18. Rd4 Rab8 19. cxb6 cxb6 20. Rc1 Qe6
21. Qd2 Qe5 22. Qc2 Qe6 23. Qd2 1/2-1/2

[Event "Master de Toussaint"]
[Site "Hyeres "]
[Date "2006.??.??"]
[Round "8"]
[White "Comte, Christophe"]
[Black "Mirabel, Marcel"]
[Result "1/2-1/2"]
[WhiteElo "2095"]
[BlackElo "2020"]
[PlyCount "54"]
[EventDate "2006.??.??"]
[EventType "tourn"]
[EventCountry "FRA"]

1. e4 c5 2. Nf3 d6 3. Bb5+ Bd7 4. Bxd7+ Qxd7 5. O-O g6 6. Re1 Nc6 7. c3 Bg7 8.
d4 cxd4 9. cxd4 Nf6 10. Nc3 O-O 11. d5 Ne5 12. Nd4 Rac8 13. Qe2 Nc4 14. Be3 Ng4
15. Rad1 Ncxe3 16. fxe3 Ne5 17. Nb1 Qa4 18. b3 Qa5 19. Rc1 Rc5 20. Rxc5 Qxc5
21. Nd2 Rc8 22. Rd1 a6 23. N2f3 Qc3 24. Nxe5 dxe5 25. Nf3 Bh6 26. Kf2 f6 27.
Qd3 Qxd3 1/2-1/2

[Event "Master de Toussaint"]
[Site "Hyeres "]
[Date "2006.??.??"]
[Round "8"]
[White "Pinchon, Henri"]
[Black "Papet, Bernard"]
[Result "1-0"]
[WhiteElo "1935"]
[BlackElo "1942"]
[PlyCount "61"]
[EventDate "2006.??.??"]
[EventType "tourn"]
[EventCountry "FRA"]

1. e4 c5 2. Nf3 Nc6 3. Nc3 d6 4. d4 cxd4 5. Nxd4 e5 6. Nb3 Nf6 7. Be2 g6 8. O-O
Bg7 9. Bg5 Be6 10. Qd2 h6 11. Be3 Qd7 12. Rfd1 Rd8 13. f3 g5 14. Nb5 Ke7 15.
Qe1 Qc8 16. Nxa7 Nxa7 17. Bxa7 Rd7 18. Rd2 Bc4 19. Bb6 Qc6 20. Qf2 Bxe2 21.
Rxe2 Ra8 22. a3 Ra6 23. Ba5 b6 24. Bb4 Ke6 25. Rd1 d5 26. exd5+ Rxd5 27. Nd4+
Rxd4 28. Qxd4 Nd5 29. Rde1 f6 30. Qd3 Nf4 31. Qxa6 1-0

[Event "Master de Toussaint"]
[Site "Hyeres "]
[Date "2006.??.??"]
[Round "8"]
[White "Schmitz, Andreas Arnold"]
[Black "Laurent, Francois"]
[Result "1/2-1/2"]
[WhiteElo "2128"]
[BlackElo "2002"]
[PlyCount "88"]
[EventDate "2006.??.??"]
[EventType "tourn"]
[EventCountry "FRA"]

1. e4 c5 2. c3 Nf6 3. e5 Nd5 4. d4 cxd4 5. cxd4 d6 6. Nf3 Nc6 7. Bc4 Nb6 8. Bb3
dxe5 9. Nxe5 Nxe5 10. dxe5 Qxd1+ 11. Bxd1 Bd7 12. Bf3 Rc8 13. Nc3 Bc6 14. Bxc6+
Rxc6 15. O-O e6 16. Be3 Bc5 17. Bxc5 Rxc5 18. f4 Ke7 19. Rfd1 Rd8 20. Rxd8 Kxd8
21. Rd1+ Ke7 22. Rd4 f6 23. exf6+ gxf6 24. Rb4 Rc4 25. Rxc4 Nxc4 26. b3 Nd6 27.
Kf2 b5 28. b4 a6 29. g4 Nc4 30. g5 fxg5 31. fxg5 Ne5 32. Kg3 Nc6 33. a3 Nd4 34.
Kg4 Kf7 35. Kh5 Kg7 36. a4 bxa4 37. Nxa4 Nc6 38. Nc5 Nxb4 39. Nxe6+ Kg8 40. Kh6
Nd5 41. Nc5 a5 42. g6 hxg6 43. Kxg6 Nc3 44. h4 a4 1/2-1/2

[Event "Master de Toussaint"]
[Site "Hyeres "]
[Date "2006.??.??"]
[Round "8"]
[White "Schmitz, Manuela"]
[Black "Robert, Bastien"]
[Result "1-0"]
[WhiteElo "2064"]
[BlackElo "1963"]
[PlyCount "47"]
[EventDate "2006.??.??"]
[EventType "tourn"]
[EventCountry "FRA"]

1. d4 Nf6 2. c4 c5 3. e3 g6 4. Nf3 Bg7 5. Nc3 O-O 6. Be2 cxd4 7. exd4 d5 8. O-O
Nc6 9. h3 dxc4 10. Bxc4 a6 11. Be3 b5 12. Be2 Nd5 13. Nxd5 Qxd5 14. Qd2 Rd8 15.
Rfd1 Bb7 16. a3 Rd7 17. Rac1 Rad8 18. Qc2 Nxd4 19. Bxd4 Bxd4 20. Rxd4 Qxd4 21.
Nxd4 Rxd4 22. Rd1 e5 23. Rxd4 Rxd4 24. Qc7 1-0

[Event "Master de Toussaint"]
[Site "Hyeres "]
[Date "2006.11.03"]
[Round "8"]
[White "Touvron, Fabrice"]
[Black "Laruelle, Joel"]
[Result "1/2-1/2"]
[WhiteElo "1995"]
[BlackElo "2139"]
[PlyCount "44"]
[EventDate "2006.??.??"]
[EventType "tourn"]
[EventCountry "FRA"]

1. c4 Nf6 2. Nc3 e6 3. e4 d5 4. e5 d4 5. exf6 dxc3 6. bxc3 Qxf6 7. d4 e5 8. Nf3
exd4 9. Bg5 Qe6+ 10. Be2 f6 11. O-O fxg5 12. Nxg5 Qf6 13. Bh5+ g6 14. Ne4 Qg7
15. Bg4 Bxg4 16. Qxg4 Nd7 17. Ng5 O-O-O 18. Ne6 Qf6 19. Nxd8 Kxd8 20. cxd4 Bg7
21. Rad1 Re8 22. Rd2 h5 1/2-1/2

[Event "Master de Toussaint"]
[Site "Hyeres "]
[Date "2006.??.??"]
[Round "9"]
[White "Laruelle, Joel"]
[Black "Schmitz, Andreas Arnold"]
[Result "1-0"]
[WhiteElo "2139"]
[BlackElo "2128"]
[PlyCount "81"]
[EventDate "2006.??.??"]
[EventType "tourn"]
[EventCountry "FRA"]

1. d4 d5 2. Nf3 Nf6 3. e3 Bg4 4. c4 dxc4 5. Bxc4 e6 6. h3 Bh5 7. Nc3 a6 8. O-O
c5 9. g4 Bg6 10. dxc5 Qxd1 11. Rxd1 Bxc5 12. Ne5 Nbd7 13. Nxg6 hxg6 14. Bf1
O-O-O 15. b3 Nb6 16. Bb2 Rxd1 17. Rxd1 Be7 18. Bg2 Rd8 19. Rxd8+ Bxd8 20. g5
Ne8 21. h4 Be7 22. Kh2 f6 23. f4 Nd6 24. Kh3 Nf5 25. Nd1 Nd5 26. Bxd5 exd5 27.
Kg4 Nd6 28. Nc3 f5+ 29. Kf3 Ne4 30. Nxd5 Bf8 31. Nb6+ Kd8 32. Nc4 Nc5 33. Ne5
Ne6 34. Nxg6 Ke8 35. Nxf8 Kxf8 36. h5 Kf7 37. b4 a5 38. bxa5 Nc5 39. Bd4 Ne4
40. a4 Kg8 41. Ke2 1-0

[Event "Master de Toussaint"]
[Site "Hyeres "]
[Date "2006.??.??"]
[Round "9"]
[White "Laurent, Francois"]
[Black "Schmitz, Manuela"]
[Result "0-1"]
[WhiteElo "2002"]
[BlackElo "2064"]
[PlyCount "56"]
[EventDate "2006.??.??"]
[EventType "tourn"]
[EventCountry "FRA"]

1. d4 d5 2. c4 dxc4 3. e4 e5 4. Nf3 exd4 5. Bxc4 Bb4+ 6. Nbd2 Nc6 7. O-O Qf6 8.
e5 Qg6 9. a3 Be7 10. Re1 Bh3 11. Bf1 O-O-O 12. b4 d3 13. Ne4 Nh6 14. Ng3 Bg4
15. Bb2 Nd4 16. Bxd4 Rxd4 17. Qa4 Bxf3 18. gxf3 Kb8 19. Re4 Rxe4 20. fxe4 Rd8
21. Rd1 d2 22. Bg2 Ng4 23. Qb5 Bh4 24. a4 Qg5 25. a5 Qf4 26. a6 Qxf2+ 27. Kh1
Qb6 28. Qxb6 cxb6 0-1

[Event "Master de Toussaint"]
[Site "Hyeres "]
[Date "2006.??.??"]
[Round "9"]
[White "Mirabel, Marcel"]
[Black "Pinchon, Henri"]
[Result "0-1"]
[WhiteElo "2020"]
[BlackElo "1935"]
[PlyCount "78"]
[EventDate "2006.??.??"]
[EventType "tourn"]
[EventCountry "FRA"]

1. e4 c5 2. d4 cxd4 3. c3 e6 4. cxd4 d6 5. Nf3 Nf6 6. Nc3 a6 7. Bg5 Be7 8. Bc4
b5 9. Bb3 Bb7 10. Qe2 O-O 11. O-O b4 12. Bxf6 Bxf6 13. e5 bxc3 14. exf6 Qxf6
15. bxc3 Nd7 16. Nd2 Rac8 17. Rac1 Qg6 18. f4 Nf6 19. Bc2 Qh6 20. c4 Rc7 21.
Rce1 g6 22. Bb3 Qg7 23. g4 h5 24. h3 hxg4 25. hxg4 Qh8 26. d5 exd5 27. cxd5
Nxd5 28. Qh2 Qd4+ 29. Rf2 Nf6 30. Qh4 Kg7 31. g5 Nh5 32. Qg4 Rh8 33. Nf3 Nxf4
34. Qg3 Qb4 35. Rh2 Qc5+ 36. Kf1 Nh5 37. Qg4 Qc3 38. Rc2 Qd3+ 39. Kg2 Rxc2+ 0-1

[Event "Master de Toussaint"]
[Site "Hyeres "]
[Date "2006.11.03"]
[Round "9"]
[White "Papet, Bernard"]
[Black "Touvron, Fabrice"]
[Result "0-1"]
[WhiteElo "1942"]
[BlackElo "1995"]
[PlyCount "168"]
[EventDate "2006.??.??"]
[EventType "tourn"]
[EventCountry "FRA"]

1. Nc3 e5 2. Nf3 Nc6 3. d4 exd4 4. Nxd4 Bc5 5. Nf3 d6 6. g3 Nge7 7. Bg2 Be6 8.
e4 Bc4 9. Ne2 O-O 10. b3 Bxe2 11. Qxe2 Nd4 12. Qd3 Nec6 13. c3 Nxf3+ 14. Qxf3
Ne5 15. Qd1 c6 16. O-O a5 17. Kh1 f5 18. exf5 Rxf5 19. f4 Ng6 20. c4 Qf6 21.
Rb1 Qd4 22. Qe2 Rff8 23. Qe6+ Rf7 24. Bb2 Qe3 25. Qg4 Re8 26. h4 h5 27. Qxh5
Qxg3 28. Qg5 Qxh4+ 29. Qxh4 Nxh4 30. Bh3 Nf5 31. Rbe1 Re3 32. Kh2 Rfe7 33. Rxe3
Rxe3 34. Bg4 Rd3 35. Bc1 Ne3 36. Be6+ Kf8 37. Rf3 Rc3 38. Bxe3 Bxe3 39. Kh3 Ke7
40. Bc8 b6 41. Bb7 Kd7 42. Rg3 g6 43. Kg4 Kc7 44. Ba8 b5 45. cxb5 cxb5 46. Be4
b4 47. Rg2 Bc5 48. Bxg6 d5 49. Kf5 Rf3 50. Bh5 Rf1 51. Rg7+ Kd6 52. Rg6+ Kc7
53. Re6 Bd6 54. Re5 Bxe5 55. Kxe5 d4 56. Bg6 Kd7 57. Bd3 Rf2 58. f5 Ke7 59.
Kxd4 Rxa2 60. Kc5 Kf6 61. Kb5 Ra1 62. Be4 Ke5 63. Bd3 Kd4 64. Bc4 Ke5 65. Be6
Ra3 66. Kc4 Kf6 67. Bd7 Ra1 68. Kb5 Ke5 69. Be6 Kd6 70. Bg8 Rf1 71. Be6 Ra1 72.
Bf7 Re1 73. Be6 Re5+ 74. Kc4 Kc6 75. Bc8 Rc5+ 76. Kd4 Kd6 77. Be6 Re5 78. Kc4
Rc5+ 79. Kd4 Rc1 80. Ke4 Rd1 81. Bc4 Kc5 82. f6 a4 83. f7 Rd8 84. Ke5 a3 0-1

[Event "Master de Toussaint"]
[Site "Hyeres "]
[Date "2006.??.??"]
[Round "9"]
[White "Robert, Bastien"]
[Black "Comte, Christophe"]
[Result "1/2-1/2"]
[WhiteElo "1963"]
[BlackElo "2095"]
[PlyCount "72"]
[EventDate "2006.??.??"]
[EventType "tourn"]
[EventCountry "FRA"]

1. d4 Nf6 2. c4 e6 3. Nf3 Bb4+ 4. Nbd2 O-O 5. a3 Bxd2+ 6. Bxd2 d6 7. Bg5 Nbd7
8. e3 Qe7 9. Be2 e5 10. dxe5 dxe5 11. O-O b6 12. Qc2 Bb7 13. Rac1 c5 14. Rfd1
Qe6 15. h3 Ne4 16. Bd3 f5 17. Bxe4 Bxe4 18. Qe2 Nf6 19. Bxf6 Qxf6 20. Rd2 Bc6
21. Rcd1 Ba4 22. Rc1 Rfd8 23. Rd5 Bc6 24. Rxd8+ Rxd8 25. Rd1 Rd6 26. Rxd6 Qxd6
27. Qd2 Qxd2 28. Nxd2 Kf7 29. f3 Ke6 30. Kf2 e4 31. f4 b5 32. b3 a5 33. Ke2 b4
34. a4 Kf6 35. Kf2 g5 36. g3 h6 1/2-1/2

[Event "Var ch 0607"]
[Site "Toulon"]
[Date "2006.??.??"]
[Round "2.1"]
[White "Mory, Eric"]
[Black "Chailan, David"]
[Result "1-0"]
[WhiteElo "2121"]
[BlackElo "1840"]
[PlyCount "79"]
[EventDate "2006.??.??"]
[EventType "swiss"]
[EventRounds "7"]
[EventCountry "FRA"]

1. c4 e6 2. Nf3 c5 3. g3 Nf6 4. Bg2 Be7 5. O-O O-O 6. Nc3 Na6 7. e4 d6 8. Qe2
Rb8 9. d4 Bd7 10. dxc5 Nxc5 11. b4 Na4 12. Nxa4 Bxa4 13. Bb2 b5 14. e5 bxc4 15.
exf6 Bxf6 16. Bxf6 Qxf6 17. Qxc4 Bb5 18. Qc7 Bxf1 19. Rxf1 d5 20. Qxa7 Rxb4 21.
a4 h6 22. h3 Rfb8 23. Kh2 g5 24. Re1 R8b7 25. Qc5 Rc4 26. Qa5 Rcb4 27. Ne5 Kg7
28. Nd3 Rc4 29. Ne5 Rcb4 30. Re2 h5 31. Nc6 Rb2 32. Qe1 Rxe2 33. Qxe2 Rb2 34.
Qxh5 Qxf2 35. Qxg5+ Kh7 36. Qh4+ Kg8 37. Qg5+ Kh7 38. Qh5+ Kg7 39. Qe5+ Kh7 40.
Qh5+ 1-0

[Event "Var ch 0607"]
[Site "Toulon"]
[Date "2006.??.??"]
[Round "3.4"]
[White "Mirabel, Marcel"]
[Black "Khalfaoui, Abdelhamid"]
[Result "0-1"]
[WhiteElo "2020"]
[BlackElo "1857"]
[PlyCount "88"]
[EventDate "2006.??.??"]
[EventType "swiss"]
[EventRounds "7"]
[EventCountry "FRA"]

1. e4 e6 2. d4 d5 3. e5 c5 4. c3 Nc6 5. Nf3 Bd7 6. Bd3 Qb6 7. O-O cxd4 8. cxd4
Nxd4 9. Nxd4 Qxd4 10. Qe2 Qb6 11. Nc3 a6 12. Kh1 Ne7 13. f4 g6 14. Be3 Qd8 15.
f5 Nxf5 16. Bxf5 gxf5 17. Bd4 Bb4 18. Nxd5 Bb5 19. Nf6+ Qxf6 20. Qxb5+ axb5 21.
exf6 O-O 22. a3 Bd6 23. Rac1 Rfc8 24. g3 h6 25. Kg2 Kh7 26. Rfe1 Kg6 27. Bc3
Rc6 28. Rcd1 Bxa3 29. Ra1 b4 30. Be5 Rc2+ 31. Kf3 Rd8 32. bxa3 Rd3+ 33. Re3
Rdd2 34. Rf1 bxa3 35. Rxa3 b5 36. Rb3 h5 37. h4 b4 38. Ke3 Re2+ 39. Kf3 Rxe5
40. Rxb4 Kxf6 41. Rd1 Rc3+ 42. Kf2 Ree3 43. Rd7 Rxg3 44. Rbb7 Rg7 0-1

[Event "Var ch 0607"]
[Site "Toulon"]
[Date "2006.??.??"]
[Round "4.1"]
[White "Khalfaoui, Abdelhamid"]
[Black "Chapuis, Joel"]
[Result "1-0"]
[WhiteElo "1857"]
[BlackElo "1882"]
[PlyCount "72"]
[EventDate "2006.??.??"]
[EventType "swiss"]
[EventRounds "7"]
[EventCountry "FRA"]

1. e4 c6 2. d4 d5 3. Nd2 dxe4 4. Nxe4 Bf5 5. Ng3 Bg6 6. h4 h6 7. Nf3 Nf6 8. Ne5
Bh7 9. Bd3 Bxd3 10. Qxd3 e6 11. h5 Nbd7 12. Bf4 Nd5 13. Bd2 Nxe5 14. dxe5 Qb6
15. O-O O-O-O 16. Qb3 Qc7 17. c4 Ne7 18. Be3 Kb8 19. Rfe1 Nc8 20. Qc3 Be7 21.
b4 f6 22. Bf4 f5 23. a4 Bg5 24. Ne2 Qf7 25. Qf3 Rd7 26. Rad1 Rhd8 27. Rxd7 Qxd7
28. Qe3 Qe7 29. c5 Rd5 30. Nc3 Rd7 31. Bxg5 hxg5 32. b5 f4 33. Qh3 Qxc5 34.
bxc6 Qxc6 35. Ne4 Qd5 36. Nxg5 Re7 {suite illisible} 1-0

[Event "Var ch 0607"]
[Site "Toulon"]
[Date "2006.??.??"]
[Round "4.2"]
[White "Mory, Eric"]
[Black "Reggiani, Jean Marc"]
[Result "1-0"]
[WhiteElo "2121"]
[BlackElo "1750"]
[PlyCount "71"]
[EventDate "2006.??.??"]
[EventType "swiss"]
[EventRounds "7"]
[EventCountry "FRA"]

1. d4 Nf6 2. Bg5 e6 3. Bxf6 Qxf6 4. e4 d6 5. Qd2 g6 6. f4 Bg7 7. e5 dxe5 8.
dxe5 Qe7 9. Nc3 O-O 10. O-O-O b6 11. h4 Nd7 12. h5 a6 13. Nf3 Rd8 14. hxg6 fxg6
15. Bc4 Bb7 16. Qe3 b5 17. Bxe6+ Qxe6 18. Ng5 Qe7 19. Qh3 h6 20. Ne6 Bxg2 21.
Nd5 Bxh3 22. Nxe7+ Kf7 23. Nxd8+ Kxe7 24. Nc6+ Ke6 25. Rxh3 Nb6 26. Rg1 g5 27.
fxg5 hxg5 28. Rxg5 Rh8 29. Rxh8 Bxh8 30. Rg6+ Kd5 31. Ne7+ Kxe5 32. Rxb6 cxb6
33. Ng6+ Kf6 34. Nxh8 Kg7 35. Kd2 Kxh8 36. Ke3 1-0

[Event "Var ch 0607"]
[Site "Toulon"]
[Date "2006.??.??"]
[Round "4.3"]
[White "Riviere, Cedric"]
[Black "Touvron, Fabrice"]
[Result "1/2-1/2"]
[WhiteElo "1750"]
[BlackElo "1995"]
[PlyCount "87"]
[EventDate "2006.??.??"]
[EventType "swiss"]
[EventRounds "7"]
[EventCountry "FRA"]

1. e4 e5 2. Nf3 Nc6 3. d4 exd4 4. Bc4 Nf6 5. O-O Nxe4 6. Re1 d5 7. Bxd5 Qxd5 8.
Nc3 Qa5 9. Nxe4 Be6 10. Bd2 Qh5 11. Bg5 h6 12. Bf6 Qf5 13. Qd3 Be7 14. Bxe7
Nxe7 15. Nxd4 Qd5 16. Qb5+ Qxb5 17. Nxb5 O-O-O 18. Nc5 Nc6 19. Nxe6 fxe6 20. c3
Rhe8 21. Rad1 e5 22. h3 a6 23. Na3 Re6 24. Rxd8+ Kxd8 25. Re4 b5 26. b4 Rd6 27.
Kf1 Rd3 28. Nb1 Kd7 29. Ke2 Rd6 30. Nd2 Re6 31. Re3 Rg6 32. g3 a5 33. a3 axb4
34. axb4 Kd6 35. Rd3+ Ke7 36. Ne4 Re6 37. Rd5 Na7 38. Nc5 Rd6 39. Rxe5+ Kf7 40.
Re3 Nc8 41. Rd3 Ke7 42. Re3+ Kf7 43. Rd3 Ke7 44. Re3+ 1/2-1/2

[Event "Var ch 0607"]
[Site "Toulon"]
[Date "2006.??.??"]
[Round "4.4"]
[White "Vaute, Denis"]
[Black "Penloup, Dominique"]
[Result "0-1"]
[WhiteElo "1880"]
[BlackElo "1899"]
[PlyCount "48"]
[EventDate "2006.??.??"]
[EventType "swiss"]
[EventRounds "7"]
[EventCountry "FRA"]

1. e4 c5 2. Nf3 e6 3. d4 cxd4 4. Nxd4 Nf6 5. Nc3 Nc6 6. g3 Bb4 7. Bg2 O-O 8.
O-O Bxc3 9. bxc3 d5 10. Bg5 h6 11. Bxf6 Qxf6 12. exd5 exd5 13. Rb1 a6 14. Rb6
Qd8 15. Rxc6 bxc6 16. Nxc6 Qc7 17. Qxd5 Be6 18. Qc5 Rac8 19. Qa3 Rfe8 20. Re1
Kh8 21. Qxa6 Ra8 22. Qb5 Bd7 23. Rxe8+ Rxe8 24. Bf3 Rc8 0-1